A Systematic study of the holy qur'an/ (Record no. 193717)
[ view plain ]
| 000 -LEADER | |
|---|---|
| fixed length control field | 00591nam a22001817a 4500 |
| 005 - DATE AND TIME OF LATEST TRANSACTION | |
| control field | 20230310120441.0 |
| 010 ## - LCCN (DPL NO) | |
| LC control number | ENG-135667 |
| 020 ## - INTERNATIONAL STANDARD BOOK NUMBER | |
| International Standard Book Number | 9789354452376 |
| Terms of availability | 850.00 |
| 035 ## - SYSTEM CONTROL NUMBER | |
| System control number | EN-119199 |
| 037 ## - SOURCE OF ACQUISITION | |
| Source of stock number/acquisition | DBAD/PUB |
| 082 ## - DEWEY DECIMAL CLASSIFICATION NUMBER | |
| Classification number | 297.122521 |
| 100 ## - MAIN ENTRY--PERSONAL NAME | |
| Personal name | Jamil, Javed |
| 245 ## - TITLE STATEMENT | |
| Title | A Systematic study of the holy qur'an/ |
| Statement of responsibility, etc | Javed Jamil |
| 260 ## - PUBLICATION, DISTRIBUTION, ETC. (IMPRINT) | |
| Place of publication, distribution, etc | Mangalore |
| Name of publisher, distributor, etc | Mission Publications |
| Date of publication, distribution, etc | 2021 |
| 270 ## - ADDRESS | |
| Address | Yenepoya University, Deralakatte, Mangalore |
| City | Karnataka |
| Postal code | 575018 |
| Telephone number | 8130340339 |
| Electronic mail address | doctorforu123@yahoo.com |
| 300 ## - PHYSICAL DESCRIPTION | |
| Extent | 570p. |
| Dimensions | 22cm(pbk) |
| 942 ## - ADDED ENTRY ELEMENTS (KOHA) | |
| Source of classification or shelving scheme | Dewey Decimal Classification |
| Item type | English Books |
| Call number suffix | JAM |
| Classification part | 297.122521 |
| Withdrawn status | Lost status | Not for loan | Collection code | Home library | Current library | Date acquired | Source of acquisition | Cost, normal purchase price | Full call number | Barcode | Copy number | Cost, replacement price | Koha item type |
|---|---|---|---|---|---|---|---|---|---|---|---|---|---|
| Non-fiction | Katevara | Katevara | 11/11/2022 | DBAD/PUB | 850.00 | 297.122521 JAM | EN-119199 | 1 | 850.00 | English Books |
